01104nam a2200265 i 4500003000900000005001700009007000300026008004100029020001800070040003000088082001800118100005300136245011200189264005800301300004000359336002700399337003400426338002800460490007000488490002600558500006500584504003900649700004500688830010500733DO-SdBNP20260304103534.0ta240422s2007 dr c 000 j spa d a9789993462750 aDO-SdBNPbspacBNPHUerda 4axxxbM9712221 aMuñoz González, Roberto,d1959-eautor4aut.13aEl Ché :bdimensión ética y humanista /cRoberto Muñoz González ; prólogo, Alfonso Torres Ulloa 4aSanto Domingo :bEditora Universitaria-UASD,c©2007. a159 páginas :bretratos ;c21 cm. atextobtxt2rdacontent asin mediación bn2rdamedia avolumenbnc2rdacarrier1 aPublicaciones de la Universidad Autónoma de Santo Domingov13241 aEstudios socialesv24 aIncluye datos biografícos del autor en la contracubierta.  aBibliografía : páginas 141-155 aTorres Ulloa, Alfonso,eprologuista4pr. 0aPublicaciones de la Universidad Autónoma de Santo Domingon1324pColección Estudiso Socialesv24